00322pab a2200133 454500008004000000100002000040245003100060260000900091300001600100362001100116650001900127650000800146773003400154180718b2003 xxu||||| |||| 00| 0 eng d aHensman, Rohini aA strategy to stop the war c2003 ap.1556-561. a19 Apr aUnited Nations aWar aEconomic and Political Weekly